000 00628nam a2200205 4500
003 OSt
005 20240705012910.0
006 a
008 240705b |||||||| |||| 00| 0 eng d
020 _a9780230219236
040 _aDWCL-Main lib.
_cOC
082 _2Fourth edition
_aFil. 327.101 T396 2009
110 _aScott Burchill
245 _aTheories of international relations /
260 _aEngland :
_bPalgrave MacMillan,
_cc2009.
300 _aix,
_b382 p. ;
_c23 cm.
504 _aIncludes bibliographical references and index.
650 _a1. International relations-Philosophy.
942 _2ddc
_n0
_cBK - FIL
_kFil.
999 _c1983
_d1983